|
|
|
|
| LEADER |
01877nam a22003975i 4500 |
| 001 |
978-0-387-34123-1 |
| 003 |
DE-He213 |
| 005 |
20150519174701.0 |
| 007 |
cr nn 008mamaa |
| 008 |
100301s2007 xxu| s |||| 0|eng d |
| 020 |
|
|
|a 9780387341231
|9 978-0-387-34123-1
|
| 024 |
7 |
|
|a 10.1007/0-387-34123-4
|2 doi
|
| 040 |
|
|
|d GrThAP
|
| 050 |
|
4 |
|a QD601-607
|
| 072 |
|
7 |
|a PNRL
|2 bicssc
|
| 072 |
|
7 |
|a SCI013060
|2 bisacsh
|
| 082 |
0 |
4 |
|a 541.38
|2 23
|
| 245 |
1 |
0 |
|a Radioanalytical Chemistry
|h [electronic resource] /
|c edited by Bernd Kahn.
|
| 264 |
|
1 |
|a New York, NY :
|b Springer New York,
|c 2007.
|
| 300 |
|
|
|a VIII, 473 p. 103 illus., 3 illus. in color.
|b online resource.
|
| 336 |
|
|
|a text
|b txt
|2 rdacontent
|
| 337 |
|
|
|a computer
|b c
|2 rdamedia
|
| 338 |
|
|
|a online resource
|b cr
|2 rdacarrier
|
| 347 |
|
|
|a text file
|b PDF
|2 rda
|
| 505 |
0 |
|
|a Radiation Detection Principles -- Analytical Chemistry Principles -- Radioanalytical Chemistry Principles and Practices -- Sample Collection and Preparation -- Applied Radioanalytical Chemistry -- Preparation for Sample Measurement -- Applied Radiation Measurements -- Radionuclide Identification -- Data Calculation, Analysis, and Reporting -- Quality Assurance -- Methods Diagnostics -- Laboratory Design and Management Principles -- Laboratory Safety -- Automated Laboratory and Field Radionuclide Analysis Systems -- Chemistry Beyond the Actinides -- Mass Spectrometric Radionuclide Analyses.
|
| 650 |
|
0 |
|a Chemistry.
|
| 650 |
|
0 |
|a Nuclear chemistry.
|
| 650 |
1 |
4 |
|a Chemistry.
|
| 650 |
2 |
4 |
|a Nuclear Chemistry.
|
| 700 |
1 |
|
|a Kahn, Bernd.
|e editor.
|
| 710 |
2 |
|
|a SpringerLink (Online service)
|
| 773 |
0 |
|
|t Springer eBooks
|
| 776 |
0 |
8 |
|i Printed edition:
|z 9780387341224
|
| 856 |
4 |
0 |
|u http://dx.doi.org/10.1007/0-387-34123-4
|z Full Text via HEAL-Link
|
| 912 |
|
|
|a ZDB-2-CMS
|
| 950 |
|
|
|a Chemistry and Materials Science (Springer-11644)
|